Normal view
MARC view
- Tayler, Shirley
Entry Personal Name
001 - CONTROL NUMBER
- control field: 80859
003 - CONTROL NUMBER IDENTIFIER
- control field: NUST
005 - DATE AND TIME OF LATEST TRANSACTION
- control field: 20210628210742.0
008 - FIXED-LENGTH DATA ELEMENTS
- fixed length control field: 210628|| aca||aabn | a|a d
040 ## - CATALOGING SOURCE
- Original cataloging agency: NUST
- Transcribing agency: NUST
100 ## - HEADING--PERSONAL NAME
- Personal name: Tayler, Shirley
670 ## - SOURCE DATA FOUND
- Source citation: Work cat.: (NUST): Tayler, Shirley, Model business letters and other business documents, 2000
